01315cam a2200289 a 450000100100000000500170001000800410002702000150006804000250008308200150010810000430012324501160016626000330028230000170031549000370033250400730036950000390044250500990048161000290058065000390060970000390064870000300068783000450071795201230076295201250088599900150101000000124720200929145523.0801215m1963 sp b 001 0 spa  a8422009404 aDO-SdBNPbspacBNPHU a282bL792h1 aLlorca Vives, Bernardino,d1898-9424010aHistoria de la iglesia católica /cBernardino Llorca Vives, Ricardo GarcÍa Villoslada y Juan María Laboa. aMadrid :bCatólica,c1963. av. ;c21 cm.0 aBiblioteca de autores cristianos aIncluye referencias bibliográficas y notas al pie de las páginas aLa biblioteca posee el volumen IV.1 aVolumen 4 :tEdad Moderna (1648-1963) --gLa iglesia en su lucha y relaciones con el laicismo.20aIGLESIA CATÓLICA94241 4aIglesia católicaxHistoria942421 aGarcía Villoslada, Ricardo942431 aLaboa, Juan María94244 0aBiblioteca de autores cristianos ;94245 0011758DSaBNPHUbBNPHUcMId2017-04-04iLF1l0o282 L792hp1247-20r2020-06-25te. 2w2020-06-25yLF1ZNo se presta 0010758DSaBNPHUbBNPHUcHDd2009-09-10e002344iLF1l0o282 L792hp1247-10r2020-06-25w2020-06-25yLF1ZNo se presta c1191d1191